01230nam a2200277 i 4500001001000000003000900010005001700019007000300036008004100039040003000080082001300110110001000123245007700133264006900210300002500279336002700304337003400331338002800365505036700393590002800760650001000788910000700798942001300805952011700818999001700935000028054DO-SdBNP20230424133529.0ta110414s1933 dr r 000 0 spa d aDO-SdBNPbspacBNPHUerda bP966222 95508410aProspecto :bescuela de comercio, de instrucción primaria y secundaria aSantiago, República Dominicana :bImprenta de L.H. Cruz,c1933 a25 paginas ;c24 cm. 2rdaconten.atextobtxt 2rdamediaasin mediación bn 2rdacarrieravolumenbnc aDescripción del modelo de atención en violencia contra las mujeres de la fiscalía del Distrito Nacional 13 -- Del modelo de intervención clínica en el centro de atención a sobrevivientes de violencia 21 -- Programa de terapia individual 27 -- Programa de terapia grupal 35 -- Programa de servicios sociales 83 -- Programa de terapia psico-corporal 87 aInventariado, 2023 / DG 983290 aDG 2ddccLF2 00102ddc51708PD-FaBNPHUbBNPHUcCTd2023-04-24l0oBNPHU PD-RV P966p2023-1477r2023-04-24w2023-04-24yLF2 c53336d53336